| 000 | 00445nam a22001817a 4500 | ||
|---|---|---|---|
| 005 | 20180206152701.0 | ||
| 008 | 160614b xxu||||| |||| 00| 0 eng d | ||
| 020 | _a978-81-317-2003-5 | ||
| 041 | _aeng | ||
| 082 |
_b7408 _a005.43 |
||
| 100 |
_aTanenbaum, Andrew S _94108 |
||
| 245 | _aModern operating systems | ||
| 250 | _a3rd ed. | ||
| 260 |
_aDelhi _bpearson education _c2009 |
||
| 300 | _a1012 | ||
| 650 |
_aManagement _9241 |
||
| 942 | _cBK | ||
| 999 |
_c2641 _d2640 |
||